000 00925nam a22002417a 4500
008 170713b xxu||||| |||| 00| 0 eng d
020 _a9789187748813
050 _aJZ5584.S83
_b.B33 2006
100 _aBadal, Raphael K.
245 _aLocal traditional structures in Sudan :
_ba base for building civil society for the promotion of peace and reconciliation
_cRaphael K. Badal,
260 _aNairobi, kenya:
_bLife & Peace Institute,
_c2006
300 _a153p. :
_c25cm.
500 _aIncludes bibliographical references
650 _aLow-intensity conflicts (Military science)
_zSudan
650 _aPeace-building
_xCase studies
_zSudan
650 _aInsurgency
_vCase studies
_zSudan
650 _aReconciliation
_vCase studies
651 _eSudan|
_xPolitics and government
651 _eSudan
_xEconomic conditions
651 _eSudan
_xEconomic policy
651 _eSudan
_xEthnic relations
942 _2lcc
_cBK
999 _c51122
_d51122